<?xml version="1.0" encoding="UTF-8"?>
<collection xmlns="http://www.loc.gov/MARC21/slim">
 <record>
  <leader>02382nam a2200229 a 4500</leader>
  <controlfield tag="001">1/44374</controlfield>
  <controlfield tag="008">140328s2007    lu d     b    001 0 eng  </controlfield>
  <datafield tag="035" ind1=" " ind2=" ">
   <subfield code="l">47322</subfield>
  </datafield>
  <datafield tag="040" ind1=" " ind2=" ">
   <subfield code="a">OPELS</subfield>
   <subfield code="b">eng</subfield>
   <subfield code="c">OPELS</subfield>
   <subfield code="d">GR-PeUP</subfield>
  </datafield>
  <datafield tag="041" ind1="0" ind2=" ">
   <subfield code="a">eng</subfield>
  </datafield>
  <datafield tag="245" ind1="0" ind2="0">
   <subfield code="a">Annual review of working conditions in the EU: 2003-2004</subfield>
   <subfield code="h">[electronic resource] /</subfield>
   <subfield code="c">European Foundation for the improvement of living and working conditions.</subfield>
  </datafield>
  <datafield tag="260" ind1=" " ind2=" ">
   <subfield code="a">Λουξεμβούργο :</subfield>
   <subfield code="b">Υπηρεσία Επισήμων Εκδόσεων των Ευρωπαϊκών Κοινοτήτων,</subfield>
   <subfield code="c">2007.</subfield>
  </datafield>
  <datafield tag="300" ind1=" " ind2=" ">
   <subfield code="a">Ένα html e-book.</subfield>
  </datafield>
  <datafield tag="504" ind1=" " ind2=" ">
   <subfield code="a">Περιέχει βιβλιογραφία και ευρετήριο.</subfield>
  </datafield>
  <datafield tag="520" ind1="0" ind2=" ">
   <subfield code="a">This first EU-level annual review for the European Working Conditions Observatory (EWCO) summarises the main developments at EU level in the area of working conditions and quality of work and employment. The Foundation paper Quality of work and employment in Europe: Issues and challenges , identifies four dimensions in promoting quality of work: • ensuring career and employment security; • maintaining and promoting the health and well-being of workers; • developing skills and competences; • reconciling working and non-working life. The European strategy for full employment and better jobs for all, as outlined in the Employment Guidelines 2003 (pdf file) , gives a definition of quality in work and employment: 'Quality is a multi-dimensional concept addressing both job characteristics and the wider labour market. It encompasses intrinsic quality at work, skills, lifelong learning and career development, gender equality, health and safety at work, flexibility and security, inclusion and access to the labour market, work organisation and work-life balance, social dialogue and worker involvement, diversity and non-discrimination, and overall work performance.'</subfield>
  </datafield>
  <datafield tag="533" ind1=" " ind2=" ">
   <subfield code="a">Ηλεκτρονικό βιβλίο</subfield>
   <subfield code="n">Τρόπος πρόσβασης μέσω διαδικτύου.</subfield>
  </datafield>
  <datafield tag="650" ind1=" " ind2="4">
   <subfield code="a">Quality of life</subfield>
   <subfield code="z">European Union countries.</subfield>
  </datafield>
  <datafield tag="650" ind1=" " ind2="4">
   <subfield code="a">Labor supply</subfield>
   <subfield code="z">European Union countries.</subfield>
  </datafield>
  <datafield tag="655" ind1=" " ind2="4">
   <subfield code="a">Electronic books.</subfield>
  </datafield>
  <datafield tag="710" ind1="2" ind2=" ">
   <subfield code="a">European Foundation for the improvement of living and working conditions.</subfield>
  </datafield>
  <datafield tag="852" ind1=" " ind2=" ">
   <subfield code="a">INST</subfield>
   <subfield code="b">UNIPILB</subfield>
   <subfield code="c">EBOOKS</subfield>
   <subfield code="e">20140328</subfield>
   <subfield code="p">00b47322</subfield>
   <subfield code="q">00b47322</subfield>
   <subfield code="t">ONLINE</subfield>
   <subfield code="y">0</subfield>
  </datafield>
  <datafield tag="856" ind1="4" ind2="0">
   <subfield code="u">http://www.eurofound.europa.eu/ewco/reports/EU0406AR01/EU0406AR01.htm</subfield>
  </datafield>
 </record>
</collection>
